header

Beginning Visual Basic 2012 (Record no. 97185)

MARC details
000 -LEADER
fixed length control field 01199nam a2200337Ia 4500
100 1# - MAIN ENTRY--AUTHOR NAME
Personal name Newsome, Bryan,
245 10 - TITLE STATEMENT
Title Beginning Visual Basic 2012
260 ## - PUBLICATION, DISTRIBUTION, ETC. (IMPRINT)
Place of publication Indianapolis, IN :
Name of publisher Wiley,
Year of publication 2012.
300 ## - PHYSICAL DESCRIPTION
Number of Pages xxxi, 709 p. :
Other physical details ill.
500 ## - GENERAL NOTE
General note Includes index.
General note "Wrox" -- Cover.
650 #0 - SUBJECT ADDED ENTRY--TOPICAL TERM
Topical Term Computer programming.
856 40 - ELECTRONIC LOCATION AND ACCESS
Uniform Resource Identifier http://site.ebrary.com/lib/rucke/Doc?id=10605296

No items available.

© 2026 Rongo University
Contact us: librarian | system librarian | Rongo university